[Event "Rethymno op 4th"]
[Site "Rethymno"]
[Date "2012.07.12"]
[Round "7"]
[White "Mamikonian, Tigran"]
[Black "Tzouganakis, Panteleimon"]
[Result "1-0"]
[WhiteElo "2283"]
[BlackElo "2096"]
[PlyCount "85"]
[EventDate "2012.07.07"]
[EventType "swiss"]
[EventRounds "9"]
[EventCountry "GRE"]
[SourceTitle "CBM 149 Extra"]
[Source "ChessBase"]
[SourceDate "2012.08.24"]
[SourceVersion "1"]
[SourceVersionDate "2012.08.24"]
[SourceQuality "1"]

1. e4 c5 2. Nf3 d6 3. d4 cxd4 4. Nxd4 Nf6 5. Nc3 a6 6. Bc4 e6 7. 0-0 b5 8. Bb3 Be7 9. a3 0-0 10. f4 Bb7 11. f5 e5 12. Nde2 Nxe4 13. Nxe4 Bxe4 14. Ng3 d5 15. Qg4 Kh8 16. Nxe4 dxe4 17. f6 Bxf6 18. Be3 Qc8 19. Qxe4 Nd7 20. Bd5 Rb8 21. Ba7 Rb6 22. Bxb6 Nxb6 23. Bb3 Nd7 24. Qf5 Nc5 25. Qxc8 Rxc8 26. Bxf7 Na4 27. Rab1 e4 28. c3 Be7 29. g3 Bc5+ 30. Kg2 g6 31. Bb3 Nb6 32. Rf6 a5 33. Rd1 a4 34. Ba2 Kg7 35. Rf7+ Kh6 36. h4 e3 37. Kf3 g5 38. Bb1 gxh4 39. gxh4 Rf8 40. Rxf8 Bxf8 41. Rd8 Kg7 42. Bd3 Be7 43. Rb8 1-0

[Event "Rethymno op 4th"]
[Site "Rethymno"]
[Date "2012.07.08"]
[Round "2"]
[White "Salgado Lopez, Ivan"]
[Black "Mamikonian, Tigran"]
[Result "1/2-1/2"]
[WhiteElo "2635"]
[BlackElo "2283"]
[PlyCount "85"]
[EventDate "2012.07.07"]
[EventType "swiss"]
[EventRounds "9"]
[EventCountry "GRE"]
[SourceTitle "CBM 149 Extra"]
[Source "ChessBase"]
[SourceDate "2012.08.24"]
[SourceVersion "1"]
[SourceVersionDate "2012.08.24"]
[SourceQuality "1"]

1. e4 e5 2. Nf3 Nc6 3. Bb5 a6 4. Ba4 Nge7 5. Bb3 h6 6. d4 exd4 7. Nxd4 Nxd4 8. Qxd4 Nc6 9. Qd5 Qf6 10. 0-0 Bb4 11. a3 Ba5 12. e5 Qe6 13. Qf3 Nd4 14. Qd1 Nxb3 15. cxb3 0-0 16. Be3 b5 17. b4 Bb6 18. Bxb6 cxb6 19. Qf3 Rb8 20. Qg3 Re8 21. f4 d6 22. Nc3 Bb7 23. Rae1 Qc4 24. Qf2 Re6 25. Re2 Rg6 26. Qe3 dxe5 27. f5 Rg5 28. Qxe5 Rc8 29. Rff2 Bc6 30. Qd6 a5 31. h3 axb4 32. axb4 Ra8 33. Kh2 h5 34. Re3 Rc8 35. f6 Rg6 36. Rg3 Rxg3 37. Qxg3 g6 38. Rf4 Qe6 39. Qg5 Kh7 40. Rd4 Re8 41. Qf4 Qe5 42. Qxe5 Rxe5 43. Rd8 1/2-1/2

[Event "Wch U20 46th"]
[Site "Yerevan"]
[Date "2007.10.13"]
[Round "10"]
[White "Mamikonian, Tigran"]
[Black "Bregadze, Levan"]
[Result "1/2-1/2"]
[WhiteElo "2257"]
[BlackElo "2388"]
[PlyCount "108"]
[EventDate "2007.10.03"]
[EventType "swiss"]
[EventRounds "13"]
[EventCountry "ARM"]
[SourceTitle "CBM 120 Extra"]
[Source "ChessBase"]
[SourceDate "2007.11.01"]
[SourceVersion "1"]
[SourceVersionDate "2007.11.01"]
[SourceQuality "1"]

1. e4 c6 2. d4 d5 3. Nc3 dxe4 4. Nxe4 Bf5 5. Ng3 Bg6 6. h4 h6 7. Bc4 e6 8. N1e2 Bb4+ 9. c3 Bd6 10. Nf4 Bxf4 11. Bxf4 Nf6 12. Qb3 b5 13. Be2 Nd5 14. Bd2 Nd7 15. a4 a6 16. Qa3 N7b6 17. Qc5 Rc8 18. b3 Ne7 19. axb5 cxb5 20. Qa3 0-0 21. h5 Bh7 22. 0-0 Rc6 23. Rfc1 Qc7 24. c4 bxc4 25. bxc4 Rc8 26. c5 Nbd5 27. Qf3 Ra8 28. Bb5 a5 29. Ne4 Nf5 30. Bxc6 Qxc6 31. Nd6 a4 32. Nxf5 Bxf5 33. Qg3 Nf6 34. f3 Bd3 35. Qe5 Nd5 36. Ra3 Bb5 37. g4 Rd8 38. Kf2 f6 39. Qe4 Re8 40. Rb1 f5 41. Qe5 fxg4 42. Rg1 Nf6 43. Bxh6 Rf8 44. Bf4 Bc4 45. Re3 Bd5 46. h6 Bxf3 47. Qxe6+ Qxe6 48. Rxe6 Ne4+ 49. Ke3 Nc3 50. Be5 Bd5 51. Rg6 Rf3+ 52. Kd2 Ne4+ 53. Kc1 Rc3+ 54. Kb2 Rb3+ 1/2-1/2

[Event "Wch U20 46th"]
[Site "Yerevan"]
[Date "2007.10.07"]
[Round "5"]
[White "Grigoryan, Avetik"]
[Black "Mamikonian, Tigran"]
[Result "1-0"]
[WhiteElo "2489"]
[BlackElo "2257"]
[PlyCount "107"]
[EventDate "2007.10.03"]
[EventType "swiss"]
[EventRounds "13"]
[EventCountry "ARM"]
[SourceTitle "CBM 120 Extra"]
[Source "ChessBase"]
[SourceDate "2007.11.01"]
[SourceVersion "1"]
[SourceVersionDate "2007.11.01"]
[SourceQuality "1"]

1. d4 Nf6 2. c4 g6 3. Nc3 d5 4. cxd5 Nxd5 5. e4 Nxc3 6. bxc3 c5 7. Be3 Bg7 8. Rc1 0-0 9. Nf3 Qa5 10. Qd2 cxd4 11. cxd4 Qxd2+ 12. Bxd2 Bd7 13. Rc7 Rc8 14. Rxc8+ Bxc8 15. Bc4 Nc6 16. d5 Ne5 17. Nxe5 Bxe5 18. f4 Bd6 19. Ke2 Bg4+ 20. Kd3 Rc8 21. Rb1 b6 22. Bb5 Rc5 23. Be3 Rxd5+ 24. Kc2 Rh5 25. h3 Be6 26. e5 Bc5 27. Bxc5 bxc5 28. Kd2 g5 29. Be2 Rh4 30. fxg5 Ra4 31. Rb7 Rxa2+ 32. Ke3 Ra3+ 33. Kf2 Kf8 34. Rb8+ Kg7 35. Rb7 a5 36. Rxe7 a4 37. Ra7 Kg6 38. h4 Kf5 39. Bh5 Ra2+ 40. Ke3 Kxe5 41. Bxf7 Ra3+ 42. Kf2 Ra2+ 43. Kg3 Bxf7 44. Rxf7 a3 45. Rxh7 Kf5 46. Rf7+ Kg6 47. Rf6+ Kg7 48. h5 Rb2 49. h6+ Kh7 50. Rf7+ Kg8 51. Ra7 Rb6 52. Kh4 c4 53. Kh5 Rb5 54. h7+ 1-0

[Event "Wch U20 46th"]
[Site "Yerevan"]
[Date "2007.10.06"]
[Round "4"]
[White "Mamikonian, Tigran"]
[Black "Sanikidze, Tornike"]
[Result "1/2-1/2"]
[WhiteElo "2257"]
[BlackElo "2455"]
[PlyCount "95"]
[EventDate "2007.10.03"]
[EventType "swiss"]
[EventRounds "13"]
[EventCountry "ARM"]
[SourceTitle "CBM 120 Extra"]
[Source "ChessBase"]
[SourceDate "2007.11.01"]
[SourceVersion "1"]
[SourceVersionDate "2007.11.01"]
[SourceQuality "1"]

1. e4 c5 2. Nf3 d6 3. d4 cxd4 4. Nxd4 Nf6 5. Nc3 Nc6 6. Bc4 e6 7. 0-0 a6 8. Bb3 Qc7 9. Be3 Be7 10. f4 Na5 11. Ba4+ Bd7 12. Bxd7+ Qxd7 13. Qe2 b5 14. e5 dxe5 15. fxe5 Nd5 16. Qf3 0-0 17. Nxd5 Qxd5 18. Qxd5 exd5 19. Nf5 Rfe8 20. Rad1 Nc4 21. Rxd5 Nxb2 22. Rf3 Nc4 23. Bd4 Bf8 24. Nh6+ Kh8 25. Nxf7+ Kg8 26. Rd7 Re6 27. Nd8 Re8 28. Nf7 Re6 29. Rf5 h6 30. g4 Be7 31. Nd6 Nxd6 32. exd6 Rxd6 33. Rxd6 Bxd6 34. Rd5 Bf8 35. Kf2 Rc8 36. c3 Rc4 37. Rd8 Kf7 38. Rd7+ Ke8 39. Rd5 Ra4 40. Re5+ Kf7 41. Re2 Be7 42. Ke3 Kg6 43. Kd3 Bf6 44. h3 Kg5 45. Rf2 Kg6 46. Ke4 Kg5 47. Rf5+ Kg6 48. Rf2 1/2-1/2

[Event "Wch U20 46th"]
[Site "Yerevan"]
[Date "2007.10.05"]
[Round "3"]
[White "So, Wesley"]
[Black "Mamikonian, Tigran"]
[Result "1-0"]
[WhiteElo "2531"]
[BlackElo "2257"]
[PlyCount "103"]
[EventDate "2007.10.03"]
[EventType "swiss"]
[EventRounds "13"]
[EventCountry "ARM"]
[SourceTitle "CBM 120 Extra"]
[Source "ChessBase"]
[SourceDate "2007.11.01"]
[SourceVersion "1"]
[SourceVersionDate "2007.11.01"]
[SourceQuality "1"]

1. e4 e5 2. Bc4 Nf6 3. d3 Nc6 4. Nc3 Na5 5. Qf3 Nxc4 6. dxc4 d6 7. h3 Be7 8. Nge2 0-0 9. 0-0 c6 10. Rd1 Be6 11. b3 Qc7 12. a4 Rad8 13. Ng3 Kh8 14. Nf5 Bxf5 15. Qxf5 g6 16. Qf3 Ng8 17. Qe3 a6 18. Bb2 Qc8 19. Ne2 Qe6 20. Nf4 Qc8 21. Nd3 f6 22. f4 Rfe8 23. Rf1 Bf8 24. Qg3 Bg7 25. fxe5 dxe5 26. Rf3 c5 27. a5 Qc6 28. Re1 Qc7 29. Bc3 Ne7 30. Qf2 Nc6 31. Qxc5 Qd7 32. Qf2 Qe7 33. h4 h5 34. Rf1 Kh7 35. Kh1 Nd4 36. Bxd4 Rxd4 37. Nf4 Rxe4 38. Nd5 Qd7 39. Nxf6+ Bxf6 40. Rxf6 Re7 41. Rf7+ Kh6 42. Rf8 Kh7 43. Qf7+ Rxf7 44. R1xf7+ Qxf7 45. Rxf7+ Kh6 46. Rxb7 Rxh4+ 47. Kg1 Rd4 48. c5 Rd5 49. b4 Kg5 50. c6 Rd4 51. c7 Rc4 52. b5 1-0

[Event "EU-ch U18"]
[Site "Herceg Novi"]
[Date "2005.09.20"]
[Round "6"]
[White "Papin, Vasily"]
[Black "Mamikonian, Tigran"]
[Result "1-0"]
[WhiteElo "2425"]
[BlackElo "2273"]
[PlyCount "71"]
[EventDate "2005.09.14"]
[EventType "swiss"]
[EventRounds "9"]
[EventCountry "YUG"]
[SourceTitle "CBM 108 Extra"]
[Source "ChessBase"]
[SourceDate "2005.11.04"]
[SourceVersion "1"]
[SourceVersionDate "2005.11.04"]
[SourceQuality "1"]

1. e4 c5 2. Nf3 e6 3. c3 d5 4. exd5 exd5 5. d4 Nf6 6. Be3 Be7 7. dxc5 0-0 8. Nbd2 Qc7 9. b4 b6 10. cxb6 axb6 11. b5 Bc5 12. Bd4 Ne4 13. Be2 Re8 14. 0-0 Bxd4 15. Nxe4 dxe4 16. Nxd4 Qxc3 17. Rc1 Qa3 18. Bc4 Nd7 19. Bd5 Nc5 20. Nc2 Qa7 21. Bxa8 Qxa8 22. Qd6 Nd3 23. Ra1 Qa4 24. Qc6 Rf8 25. Ne3 Qd4 26. Qc4 Qe5 27. Qd5 Qf4 28. Qd4 Nc5 29. Nc4 Qg5 30. Qe3 Qg6 31. Rad1 Bg4 32. Rd6 Qh5 33. Nxb6 Be6 34. Nd5 Nb7 35. Nf4 Qxb5 36. Rb6 1-0

[Event "Yerevan Petrosian Memorial op"]
[Site "Yerevan"]
[Date "2004.11.26"]
[Round "8"]
[White "Petrosian, Davit Gevorgi"]
[Black "Mamikonian, Tigran"]
[Result "0-1"]
[WhiteElo "2395"]
[BlackElo "2296"]
[PlyCount "61"]
[EventDate "2004.11.18"]
[EventType "swiss"]
[EventRounds "9"]
[EventCountry "ARM"]
[SourceTitle "CBM 103 Extra"]
[Source "ChessBase"]
[SourceDate "2005.01.01"]
[SourceVersion "1"]
[SourceVersionDate "2005.01.01"]
[SourceQuality "1"]

1. e4 c5 2. Nf3 e6 3. d4 cxd4 4. Nxd4 a6 5. Nc3 b5 6. Bd3 Bb7 7. 0-0 Nc6 8. Nxc6 Bxc6 9. Be3 Nf6 10. e5 b4 11. exf6 bxc3 12. bxc3 Qxf6 13. Qg4 h5 14. Qh3 Qxc3 15. Rae1 Qb4 16. f4 Be7 17. Rb1 Qa4 18. c4 f5 19. Bd4 Kf7 20. Qe3 Rab8 21. Rbe1 Bf6 22. Be5 Rb7 23. Rf2 Rh6 24. Bxf5 exf5 25. Bxf6 Be4 26. Be5 h4 27. Rd2 Rg6 28. Qd4 Qc6 29. Ree2 Bxg2 30. Rb2 Bf3+ 31. Kf1 0-1

[Event "Yerevan Petrosian Memorial op"]
[Site "Yerevan"]
[Date "2004.11.22"]
[Round "4"]
[White "Iskusnyh, Sergei"]
[Black "Mamikonian, Tigran"]
[Result "1/2-1/2"]
[WhiteElo "2502"]
[BlackElo "2296"]
[PlyCount "162"]
[EventDate "2004.11.18"]
[EventType "swiss"]
[EventRounds "9"]
[EventCountry "ARM"]
[SourceTitle "CBM 103 Extra"]
[Source "ChessBase"]
[SourceDate "2005.01.01"]
[SourceVersion "1"]
[SourceVersionDate "2005.01.01"]
[SourceQuality "1"]

1. d4 d5 2. c4 e6 3. Nf3 c5 4. cxd5 exd5 5. Nc3 Nc6 6. g3 Nf6 7. Bg2 Be7 8. 0-0 0-0 9. Bg5 cxd4 10. Nxd4 h6 11. Be3 Re8 12. Rc1 Bg4 13. h3 Be6 14. Kh2 Qd7 15. Qc2 h5 16. Nxe6 Qxe6 17. Rcd1 h4 18. Bd4 Nxd4 19. Rxd4 hxg3+ 20. fxg3 Qe5 21. Qd3 Bc5 22. Rxd5 Nxd5 23. Bxd5 Re7 24. Ne4 Bd4 25. Qc4 Rf8 26. Rf4 Be3 27. Rg4 Rd7 28. Qb5 Re7 29. Qd3 Bh6 30. Nc3 Kh8 31. Bf3 Qe3 32. Qxe3 Rxe3 33. Nd5 Re5 34. Ra4 a6 35. Rc4 Rd8 36. Rd4 g6 37. Kg2 Kg7 38. a4 Rc8 39. b3 Rc2 40. Nb4 Rc3 41. Nd3 Re7 42. Rb4 Rcc7 43. Nf4 Bxf4 44. gxf4 Re6 45. Kf2 b6 46. Rd4 f5 47. Rd8 Rc2 48. Rd7+ Kf8 49. Kg3 Rc1 50. Kf2 Ke8 51. Ra7 a5 52. h4 Re7 53. Ra6 Re6 54. Ra7 Rc3 55. h5 gxh5 56. Bxh5+ Kd8 57. Ra8+ Ke7 58. Rb8 Re4 59. Rxb6 Rxf4+ 60. Bf3 Rb4 61. Rxb4 axb4 62. Bd5 Kd6 63. Bf7 Kc5 64. Ke1 Rc2 65. Kf2 Rc3 66. Ke1 Rc2 67. Kf2 Kd4 68. Be6 Ke4 69. Bf7 Ra2 70. Bc4 Ra1 71. Bd3+ Kf4 72. Bc4 Rc1 73. a5 Ra1 74. a6 Ra3 75. Kg2 Ke3 76. Kg3 Ra1 77. Kh4 Ke4 78. Kg5 Ke5 79. Kg6 f4 80. Kg7 Kd6 81. Kf6 Ra5 1/2-1/2

[Event "EU-ch U16"]
[Site "Urgup"]
[Date "2004.07.??"]
[Round "8"]
[White "Olszewski, Michal"]
[Black "Mamikonian, Tigran"]
[Result "1-0"]
[WhiteElo "2308"]
[BlackElo "2325"]
[PlyCount "113"]
[EventDate "2004.08.??"]
[EventType "swiss"]
[EventRounds "9"]
[EventCountry "TUR"]
[SourceTitle "EXT 2005"]
[Source "ChessBase"]
[SourceDate "2004.11.15"]
[SourceVersion "1"]
[SourceVersionDate "2004.11.15"]
[SourceQuality "1"]

1. e4 c5 2. c3 d5 3. exd5 Qxd5 4. d4 Nf6 5. Nf3 Bg4 6. Be2 e6 7. Be3 cxd4 8. cxd4 Nc6 9. Nc3 Qd6 10. 0-0 Be7 11. Qb3 Qb4 12. Qc2 0-0 13. Rfd1 Rfd8 14. a3 Qd6 15. Rac1 Rac8 16. b4 a6 17. Qb3 Qb8 18. h3 Bf5 19. Nh4 Be4 20. Nxe4 Nxe4 21. Nf3 Nf6 22. Qb1 h6 23. Bc4 Bd6 24. Qd3 Ne7 25. Re1 Ned5 26. Bd2 b5 27. Bb3 Rxc1 28. Bxc1 Rc8 29. Ne5 Rc3 30. Qd1 Qa7 31. Bb2 Rc8 32. Qd2 Qe7 33. Nd3 Bb8 34. Nc5 Qd6 35. g3 Bc7 36. Bc2 Bd8 37. Bd3 h5 38. h4 Ng4 39. Be2 Ndf6 40. Bf3 Nd5 41. Kg2 Rc7 42. Ra1 Nb6 43. Qd3 Nd5 44. Qb3 Re7 45. a4 Bc7 46. axb5 Nde3+ 47. Kg1 axb5 48. Ne4 Qd5 49. Nf6+ Nxf6 50. Bxd5 Nexd5 51. Bc1 Re8 52. Bd2 Bb6 53. Qd3 Ng4 54. Qxb5 Rd8 55. Qc4 e5 56. Bg5 f6 57. Ra8 1-0

[Event "Wch U16"]
[Site "Chalkidiki"]
[Date "2003.10.28"]
[Round "6"]
[White "Mamikonian, Tigran"]
[Black "Gerzhoy, Leonid"]
[Result "1-0"]
[WhiteElo "2295"]
[BlackElo "2423"]
[PlyCount "93"]
[EventDate "2003.10.23"]
[EventType "swiss"]
[EventRounds "11"]
[EventCountry "GRE"]
[SourceTitle "EXT 2004"]
[Source "ChessBase"]
[SourceDate "2003.11.25"]
[SourceVersion "1"]
[SourceVersionDate "2003.11.25"]
[SourceQuality "1"]

1. e4 c5 2. Nc3 Nc6 3. Bb5 Nd4 4. Bc4 g6 5. Nf3 Bg7 6. Nxd4 cxd4 7. Qf3 Nh6 8. Ne2 0-0 9. 0-0 Ng4 10. Bb3 Ne5 11. Qg3 a5 12. a4 d3 13. cxd3 Nc6 14. Qe3 e6 15. d4 d5 16. e5 Qb6 17. Bc2 f6 18. f4 Bd7 19. b3 fxe5 20. fxe5 Rxf1+ 21. Kxf1 Rf8+ 22. Ke1 Nb4 23. Bb1 Qd8 24. Ba3 Qh4+ 25. Qg3 Qe7 26. Ng1 b5 27. Nf3 bxa4 28. bxa4 Bxa4 29. Kf2 Bb5 30. Qg4 Bd7 31. h4 Be8 32. Kg1 Bh6 33. Bb2 Nc6 34. Ba3 Nb4 35. Bb2 Nc6 36. h5 Rf4 37. Qg3 g5 38. Ba3 Qd8 39. Bc5 Bxh5 40. Ra3 g4 41. Rb3 Bg6 42. Bxg6 hxg6 43. Qh2 gxf3 44. Qxh6 Rf7 45. Qxg6+ Rg7 46. Qxe6+ Kh8 47. Rxf3 1-0

[Event "Wch U16"]
[Site "Chalkidiki"]
[Date "2003.10.24"]
[Round "2"]
[White "Mamikonian, Tigran"]
[Black "Mamedov, Rauf"]
[Result "1/2-1/2"]
[WhiteElo "2295"]
[BlackElo "2452"]
[PlyCount "78"]
[EventDate "2003.10.23"]
[EventType "swiss"]
[EventRounds "11"]
[EventCountry "GRE"]
[SourceTitle "EXT 2004"]
[Source "ChessBase"]
[SourceDate "2003.11.25"]
[SourceVersion "1"]
[SourceVersionDate "2003.11.25"]
[SourceQuality "1"]

1. e4 c5 2. Nc3 d6 3. Nf3 Nf6 4. d4 cxd4 5. Nxd4 g6 6. Be3 Bg7 7. f3 0-0 8. Qd2 Nc6 9. 0-0-0 d5 10. Qe1 e5 11. Nxc6 bxc6 12. exd5 Nxd5 13. Bc4 Be6 14. Ne4 Qc7 15. Bc5 Rfd8 16. Qh4 h6 17. g4 Rab8 18. g5 h5 19. Qf2 a5 20. a4 Bf5 21. Rd2 Rd7 22. Rhd1 Kh8 23. b3 Be6 24. h4 Rbd8 25. Bxd5 cxd5 26. Bb6 Qc6 27. Bxd8 Rxd8 28. Qc5 Qa8 29. Nf6 Bxf6 30. gxf6 Kh7 31. Qc7 d4 32. Qxe5 Qxf3 33. Rd3 Qc6 34. Qb5 Qc7 35. Qg5 Bf5 36. Qg3 Qc5 37. Kb1 Bxd3 38. Qxd3 Rd6 39. Qe4 Rd7 1/2-1/2